El arte de la novela en el post-boom latinoamericano /
Enregistré dans:
| Auteur principal: | |
|---|---|
| Format: | Livre |
| Langue: | espagnol |
| Publié: |
Cali, Colombia :
Universidad del Valle,
2017, c2017
|
| Collection: | (Artes y Humanidades Universidad del Valle)
|
| Sujets: | |
| Tags: |
Pas de tags, Soyez le premier à ajouter un tag!
|
MARC
| LEADER | 00000nam^a2200000^a^4500 | ||
|---|---|---|---|
| 001 | 000399506 | ||
| 005 | 20250521000000.0 | ||
| 009 | 20260310121553.372 | ||
| 020 | |a 978-958-765-337-3 | ||
| 037 | |a Acervo ITESO - Biblioteca | ||
| 041 | |a ESP | ||
| 082 | |a 860. 980033 |b LOP | ||
| 100 | |a López Cáceres, Alejandro José |e (autor) | ||
| 245 | 1 | 3 | |a El arte de la novela en el post-boom latinoamericano / |c A.J. López Cáceres. |
| 264 | 4 | |a Cali, Colombia : |b Universidad del Valle, |c 2017, c2017 | |
| 300 | |a 165 p. + |e 1 separador | ||
| 336 | |a texto |b txt |2 rdacontenido | ||
| 337 | |a sin mediación |b n |2 rdamedio | ||
| 338 | |a volumen |b nc |2 rdasoporte | ||
| 440 | 1 | |a (Artes y Humanidades Universidad del Valle) | |
| 521 | |a FIL 2017 EEnlace Centro de Promoción Cultural | ||
| 649 | |a XX | ||
| 650 | |a Escritores Argentinos | ||
| 650 | |a Escritores Chilenos | ||
| 650 | |a Escritores Mexicanos | ||
| 650 | |a Novela Argentina - |x Historia y Crítica | ||
| 650 | |a Novela Chilena - |x Historia y Crítica | ||
| 650 | |a Novela Mexicana - |x Historia y Crítica | ||
| 650 | |a Novela Latinoamericana - |x Historia y Crítica - |x Tema Principal | ||
| 650 | |a Literatura Gay y Lésbica - |z Argentina - |x Historia y Crítica | ||
| 650 | |a Literatura de Mujeres - |z México - |x Historia y Crítica | ||
| 650 | |a Literatura Argentina - |x Historia y Crítica | ||
| 650 | |a Literatura Argentina - |y Siglo XX | ||
| 650 | |a Literatura Chilena - |x Historia y Crítica | ||
| 650 | |a Literatura Chilena - |y Siglo XX | ||
| 650 | |a Literatura Mexicana - |x Historia y Crítica | ||
| 650 | |a Literatura Mexicana - |y Siglo XX | ||
| 650 | |a Literatura Latinoamericana - |x Historia y Crítica | ||
| 650 | |a Literatura Latinoamericana - |y Siglo XX | ||
| 650 | |a Mastretta, Angeles | ||
| 650 | |a Puig, Manuel | ||
| 650 | |a Skármeta, Antonio | ||
| 910 | |a Fondo General | ||
| 920 | |a Impresos - Libros | ||
| 930 | |a Colección General | ||
| 940 | |a Literatura | ||
| 905 | |a 101 | ||
| 901 | |a 0500294761 |b IT1 |c LIT |i c158215 |u 20250521 | ||
| 901 | |a 0500294764 |b IT2 |c FOL |i c158215 |u 20250521 | ||
| 902 | |a https://opac.biblio.iteso.mx/vufind/Record/000399506 | ||